Odd But True Facts III Quiz Stats

Quiz Updated Jul 1, 2015

Challenge
Share
Tweet
Embed
Score 0/23 Timer 07:00
16 Plays Today
% Correct
outside
96.6%
distributor of toys
94.6%
play the guitar
94%
beautiful women
93.8%
moving their heads
92.3%
20 billion tons of gold
90.5%
the Bible
88.6%
fish bladders
86.9%
Bill Clinton
86.5%
Minch
86.2%
two close friends
85.1%
a laxative overdose
84.2%
% Correct
100,000 golf balls
84.1%
Salvador Dalí
83.2%
a haircut
82.5%
Corned-beef sandwich
80.7%
one large strawberry
77.3%
war
72.7%
Hitler
70.2%
lipstick
63.3%
his son's World of Warcraft character
63.1%
Geraniums
61.6%
tequila
56.3%

You're not logged in!

Compare scores with friends on all Sporcle quizzes.
Join for Free
OR
Log In

You Might Also Like...

Show Comments

Extras

Top Quizzes Today


Score Distribution

Your Account Isn't Verified!

In order to create a playlist on Sporcle, you need to verify the email address you used during registration. Go to your Sporcle Settings to finish the process.

Report this User

Report this user for behavior that violates our Community Guidelines.

Details: